MARC

LEADER 00000nam0a2200000 4500
001 248913
005 20231101232429.0
035 |a (RuTPU)RU\TPU\book\270836 
035 |a RU\TPU\book\54788 
090 |a 248913 
100 |a 20140128d1988 km y0rusy50 ca 
101 0 |a rus 
102 |a RU 
105 |a a z 001zy 
200 1 |a Трехфазный асинхронный двгатель в схеме однофазного включения с конденсатором  |f Н. Д. Торопцев 
205 |a 4-е изд., перераб. и доп. 
210 |a Москва  |c Энергоатомиздат  |d 1988 
215 |a 95 с.  |c ил. 
225 1 |a Библиотека электромонтера  |h Вып. 611 
320 |a Библиогр.: с. 94. 
606 1 |a Асинхронные электродвигатели  |2 stltpush  |3 (RuTPU)RU\TPU\subj\29522  |9 52832 
610 1 |a электрические машины 
610 1 |a электродвигатели асинхронные 
610 1 |a конденсаторные двигатели 
610 1 |a трехфазные асинхронные двигатели 
610 1 |a схемы 
610 1 |a схемы включения 
675 |a 621.313.333  |v 3 
700 1 |a Торопцев  |b Н. Д.  |g Николай Демидович 
801 1 |a RU  |b 63413507  |c 20030528  |g PSBO 
801 2 |a RU  |b 63413507  |c 20140130  |g PSBO 
942 |c BK